| 000 | 01440cam a22003614a 4500 | ||
|---|---|---|---|
| 001 | 14200368 | ||
| 003 | EG-ScBUE | ||
| 005 | 20220822115429.0 | ||
| 008 | 051215t2006 nyua f b 000 0 eng d | ||
| 020 | _a1568984391 (alk. paper) | ||
| 020 | _a9781568984391 | ||
| 035 | _a(OCoLC)ocm62697099 | ||
| 040 |
_aDLC _beng _erda _cDLC _dYDX _dBAKER _dDLC _dEG-ScBUE |
||
| 082 | 0 | 4 |
_a712.091732 _222 _bLAN |
| 245 | 0 | 4 |
_aThe landscape urbanism reader / _cCharles Waldheim, editor. |
| 264 | 1 |
_aNew York : _bPrinceton Architectural Press, _c[2006] |
|
| 264 | 4 | _cc2006 | |
| 300 |
_a295 pages : _billustrations, maps ; _c23 cm |
||
| 336 |
_2rdacontent _atext _btxt |
||
| 337 |
_2rdamedia _aunmediated _bn |
||
| 338 |
_2rdacarrier _avolume _bnc |
||
| 504 | _aIncludes bibliographical references. | ||
| 650 | 7 |
_aUrban landscape architecture. _911691 _2BUEsh |
|
| 651 | _2BUEsh | ||
| 653 | _bENGARC | ||
| 655 |
_vReading book _934232 |
||
| 700 | 1 |
_aWaldheim, Charles, _eeditor. _911692 |
|
| 856 | 4 | 1 |
_3Table of contents _uhttp://www.loc.gov/catdir/toc/ecip065/2005036346.html |
| 856 | 4 | 2 |
_3Publisher description _uhttp://www.loc.gov/catdir/enhancements/fy0722/2005036346-d.html |
| 856 | 4 | 2 |
_3Contributor biographical information _uhttp://www.loc.gov/catdir/enhancements/fy0738/2005036346-b.html |
| 942 |
_2ddc _cBB |
||
| 999 |
_c13464 _d13464 |
||